000 00459nam a22001575i 4500
001 48669
003 ES-MaACL
007 t|
008 950727s1892 sp ||||1| spa d
040 _aCAM
_bspa
_cCAM
100 1 _aDíaz Macías, J.
_944332
245 1 0 _aVirtud y ciencia /
_cpor J. Diaz Macías.
260 _aBadajoz :
_b[s.n.],
_c1892 (
_fTip., lit. y Enc. La industria, de Uceda hermanos)
300 _a17 p. ;
_c22 cm.
852 _aES-MaACL
_jT-703-F-2
999 _c48669
_d48669